000 00694nam a2200229Ia 4500
003 OSt
005 20220926005405.0
006 a|||||r|||| 00| 0
007 ta
008 220923b |||||||| |||| 00| 0 eng d
037 _cGeneral Book
040 _aRTL
_cRTL
_beng
041 _2eng
_aeng
082 _aX:97V, N3
100 _aSharma Baldev R
245 0 _aManagerial unionism
_b Issues in perspective
260 _a New Delhi
_bShri Ram Centre for Industrial Relations and Human Resources Publication
_c1993
300 _axv, 291p. Bib p277-85
_ccm.
650 _aTrade Unioing
_9240871
942 _hX:97V, N3
_cGB
_2CC
999 _c613649
_d613649